000 004760000a22001810004500
003 MACL
005 20160803150708.0
008 160803b xxu||||| |||| 00| 0 eng d
040 _aMACL
_cMACL
041 _aEnglish
082 _a954 FUC
100 _aFuchs, Stephen
_923745
245 _aThe Gond and Bhumia of Eastern Mandla
_cFuchs, Stephen
260 _bAsia Publishing House
_c1960
_aNew York
350 _a28
650 _aHistory
_966091
942 _cBK
_k954/FUC
_2ddc
999 _c36212
_d36212